Sports Quiz

Random Sports or NHL Quiz
Score 0/57 Timer 04:00
0 Plays Today
Year/Team - Wins Goalie % Correct
2016-17/WSH - 42Braden Holtby
97%
1997-98/NJD - 43Martin Brodeur
96.9%
1999-00/NJD - 43Martin Brodeur
96.9%
2000-01/NJD - 42Martin Brodeur
96.9%
2002-03/NJD - 41Martin Brodeur
96.9%
2005-06/NJD - 43Martin Brodeur
96.9%
2006-07/NJD - 48Martin Brodeur
96.9%
2007-08/NJD - 44Martin Brodeur
96.9%
2009-10/NJD - 45Martin Brodeur
96.9%
2006-07/PIT - 40Marc-Andre Fleury
90.3%
2011-12/PIT - 42Marc-Andre Fleury
90.3%
2005-06/CGY - 42Miikka Kiprusoff
90%
2006-07/VAN - 47Roberto Luongo
90%
2006-07/CGY - 40Miikka Kiprusoff
90%
2008-09/CGY - 45Miikka Kiprusoff
90%
2009-10/VAN - 40Roberto Luongo
90%
2006-07/BUF - 40Ryan Miller
88.4%
2009-10/BUF - 41Ryan Miller
88.4%
2016-17/CBJ - 41Sergei Bobrovsky
88.1%
2000-01/COL - 40Patrick Roy
87.8%
2014-15/MTL - 44Carey Price
87.8%
2001-02/DET - 41Dominik Hasek
87.5%
2011-12/NSH - 43Pekka Rinne
87.5%
2014-15/WSH - 41Braden Holtby
87.5%
2014-15/NSH - 41Pekka Rinne
87.5%
2015-16/WSH - 48Braden Holtby
87.5%
2015-16/LAK - 40Jonathan Quick
87.2%
1990-91/CHI - 43Ed Belfour
86.6%
1992-93/CHI - 41Ed Belfour
86.6%
Year/Team - Wins Goalie % Correct
2007-08/SJS - 46Evgeni Nabokov
86.6%
2008-09/SJS - 41Evgeni Nabokov
86.6%
2009-10/SJS - 44Evgeni Nabokov
86.6%
1987-88/EDM - 40Grant Fuhr
84.1%
1950-51/DET - 44Terry Sawchuk
83.8%
1951-52/DET - 44Terry Sawchuk
83.8%
1954-55/DET - 40Terry Sawchuk
83.8%
1955-56/MTL - 42Jacques Plante
82.8%
1959-60/MTL - 40Jacques Plante
82.8%
1961-62/MTL - 42Jacques Plante
82.8%
1975-76/MTL - 42Ken Dryden
82.8%
1976-77/MTL - 41Ken Dryden
82.8%
1999-00/WSH - 41Olaf Kolzig
82.8%
2014-15/TBL - 40Ben Bishop
82.5%
2016-17/MIN - 40Devan Dubnyk
82.2%
1992-93/PIT - 43Tom Barrasso
80.3%
1993-94/NYR - 42Mike Richter
80.3%
2005-06/DAL - 41Marty Turco
79.4%
2016-17/EDM - 42Cam Talbot
79.2%
1973-74/PHI - 47Bernie Parent
79.1%
1974-75/PHI - 44Bernie Parent
79.1%
2013-14/COL - 41Semyon Varlamov
77.8%
2009-10/PHX - 42Ilya Bryzgalov
69.4%
1984-85/PHI - 40Pelle Lindbergh
62.5%
1982-83/BOS - 40Pete Peeters
59.1%
1999-00/STL - 42Roman Turek
58.1%
1964-65/DET - 40Roger Crozier
37.5%
1975-76/PHI - 40Wayne Stephenson
29.7%
Remove Ads.
Support Sporcle.
Get the best of Sporcle when you Go Orange. This ad-free experience offers more features, more stats, and more fun while also helping to support Sporcle. Thank you for becoming a member.

You're not logged in!

Compare scores with friends on all Sporcle quizzes.
OR
Log In

Show Comments

Extras

Top Quizzes Today


Score Distribution

Your Account Isn't Verified!

In order to create a playlist on Sporcle, you need to verify the email address you used during registration. Go to your Sporcle Settings to finish the process.

Report this User

Report this user for behavior that violates our Community Guidelines.

Details: